Normal view
MARC view
- Tesauros
Entry Materia
001 - NÚMERO DE CONTROL DEL REGISTRO
- campo de control: 44885
003 - IDENTIFICADOR DE NUMERO DE CONTROL
- campo de control: UPN
005 - FECHA Y HORA DE LA ÚLTIMA TRANSACCIÓN
- campo de control: 20220615084226.0
008 - DATOS DE LONGITUD FIJA
- campo de control de longitud fija: 220615nn fnznnbaba a ana d
040 ## - FUENTE DE LA CATALOGACIÓN
- Centro catalogador de origen: MX-MxUPN
046 ## - FECHAS CON CODIFICACIÓN ESPECIAL
- Fecha final para contenidos agregados: 2022
150 ## - ENCABEZAMIENTO - TEMÁTICO
- Término de materia o nombre geográfico como elemento inicial: Tesauros
- Subdivisión de materia general: Bibliotecología
670 ## - FUENTE EN LA QUE SE LOCALIZARON DATOS
- Cita de la fuente: Autoridades BGTQ, 15-06-2022:
- Información localizada: (Encabezamiento: Tesauros - Educación)
670 ## - FUENTE EN LA QUE SE LOCALIZARON DATOS
- Cita de la fuente: Autoridades BGTQ, 15-06-2022:
- Información localizada: (Encabezamiento: Bibliotecología)
902 ## - CATALOGADOR
- Catalogador: VAGG/150622
